01184nam a2200253Ia 4500003000900000008004100009020002200050040001600072080002200088111009200110245024500202260002500447300001500472490005400487650003400541650003600575650003100611700004300642700004200685700004100727942000700768999001700775952013800792IN-BaIIA211028s9999 xx 000 0 eng d a978-3-319-02062-4 cIIA Library a524.8(082.1)bACC aInternational Meeting on Gravitation and Cosmologyn4thcSanta Clara, Cubad2009936350 0aAccelerated cosmic expansionbproceedings of the fourth international meeting on gravitation and cosmology held in Santa Clara, Cuba, June 1-4, 2009cedited by Claudia Moreno Gonzalez, Jose Edgar Madriz Aguilar and Luz Marina Reyes Barrera. aChambSpringerc2014 axiv, 222p. aAstrophysics and space science proceedings; v. 38 aCosmology - congresses930162 aGravitation - congresses930163 aPhysics - congresse936351 aAguilar, Jose Edgar Madriz.,ed.936352 aBarrera, Luz Marina Reyes eds.936353 aGonzalez, Claudia Moreno.,ed.936354 cBK c19038d19038 00104070aBANbBANcGENd2015-04-30eEDS g3132.00l0o524.8(082.1)/ ACCp19960r2021-11-05v3132.00w2015-04-30yBKGRs. 3132.00